000 00774cam a2200205 4500
001 WB3624-15
008 000000n2000 000 0 eng u
035 _a(Sirsi) u106695
245 _aLease rebellion on cards
260 _c2000
490 _aEstates Gazette
_v(0024/17) 17 June 2000, 62(1)
520 _aIn "The changing face of space" , research from MWB Business Exchange based on a survey of 100 corporations, the UK property industry is found to be failing to keep pace with business. Lease terms are considered to be out of touch with modern occupancy requirements.
590 _aWB
650 _aLEASE TERMS
650 _aCOMMERCIAL LEASES
650 _aREFORM
650 _aOCCUPIERS REQUIREMENTS
690 _aLANDLORD AND TENANT-LEASES
942 _n0
999 _c63878
_d63878